|
|
|
|
| LEADER |
00000cam a2200000 i 4500 |
| 001 |
1/89949 |
| 008 |
960709s1977 gre d |
| 035 |
|
|
|a 1986
|c Αγορά
|l 10035873
|
| 040 |
|
|
|a GR-MY-UA
|b gre
|e aacr
|
| 041 |
0 |
|
|a gre
|
| 082 |
0 |
|
|a 370.109495
|
| 100 |
1 |
|
|a Βώρος, Φανούριος Κ.,
|d 1933-2020.
|
| 245 |
1 |
0 |
|a Δοκίμια για την παιδεία /
|c Φ.Κ.Βώρος
|
| 260 |
|
|
|a Αθήνα :
|b [χ.ό.],
|c 1977
|
| 300 |
|
|
|a 214 σ.
|
| 650 |
0 |
0 |
|a Education
|z Greece
|x Philosophy.
|
| 650 |
0 |
0 |
|a Education
|z Greece
|x Aims and objectives.
|
| 650 |
0 |
0 |
|a Teaching.
|
| 650 |
0 |
0 |
|a Educational accountability
|z Greece.
|
| 852 |
|
|
|a INST
|b LESVOS
|e 20141106
|h 370.109495 ΒΩΡ
|p 005100055400
|q 005100055400
|t BK
|y 0
|
| 852 |
|
|
|a INST
|b RHODES
|e 19960709
|h 370.109495 ΒΩΡ
|p 005400004271
|q 005400004271
|t BK
|y 0
|
| 901 |
|
|
|a BIBL1-2014-3
|
| 909 |
|
|
|a Ρ
|b 003469
|c 1986
|
| 909 |
|
|
|a Λ
|b 191040
|